LEADER 01018nam 2200349 450 001 9910137728203321 005 20221007031338.0 010 $a953-51-6573-9 035 $a(CKB)3230000000076580 035 $a(NjHacI)993230000000076580 035 $a(EXLCZ)993230000000076580 100 $a20221007d2011 uy 0 101 0 $aeng 135 $aur||||||||||| 181 $ctxt$2rdacontent 182 $cc$2rdamedia 183 $acr$2rdacarrier 200 00$aNovel aspects in acute lymphoblastic leukemia /$fedited by Stefan Faderl 210 1$a[Place of publication not identified] :$cInTech,$d[2011] 210 4$dİ2011 215 $a1 online resource (272 pages) 311 $a953-307-753-0 606 $aLeukemia$xTreatment 615 0$aLeukemia$xTreatment. 676 $a616.9941906 702 $aFaderl$b Stefan 801 0$bNjHacI 801 1$bNjHacl 906 $aBOOK 912 $a9910137728203321 996 $aNovel Aspects in Acute Lymphoblastic Leukemia$91981246 997 $aUNINA